[Event "13th Capablanca Memorial"]
[Site "Cienfuegos CUB"]
[Date "1976.05.27"]
[Round "11"]
[White "Vogt, Lothar"]
[Black "Garcia Gonzales, Guillermo"]
[Result "1-0"]
[WhiteElo "2480"]
[BlackElo "2475"]
[EventDate "1976.05.17"]
[PlyCount "59"]

1.e4 e6 2.d4 d5 3.Nd2 Ne7 4.Bd3 c5 5.dxc5 Nd7 6.Nb3 Nxc5 7.Nxc5 Qa5+ 8.Bd2
Qxc5 9.Nf3 dxe4 10.Bxe4 f5 11.Bd3 Ng6 12.Qe2 Be7 13.Bb5+ Kf7 14.O-O-O h6 
15.Be3 Qc7 16.Bd4 Bd6 17.g3 a6 18.Ba4 b5 19.Bb3 Re8 20.Qd3 Rf8 21.Rhe1 Bb4
22.c3 Ba5 23.Kb1 Rb8 24.Nh4 Nxh4 25.Be5 Qe7 26.Bxb8 Ng6 27.f3 Kg8 28.g4 
fxg4 29.fxg4 Bb7 30.Rf1 1-0

[Event "13th Capablanca Memorial"]
[Site "Cienfuegos CUB"]
[Date "1976.05.27"]
[Round "11"]
[White "Peev, Peicho"]
[Black "Rodriguez Cespedes, Amador"]
[Result "1-0"]
[WhiteElo "2430"]
[BlackElo "2405"]
[EventDate "1976.05.17"]
[PlyCount "43"]

1.d4 Nf6 2.c4 g6 3.Nc3 Bg7 4.e4 d6 5.f4 O-O 6.Nf3 c5 7.d5 e6 8.Be2 exd5 9.
cxd5 b5 10.e5 dxe5 11.fxe5 Ng4 12.O-O Nxe5 13.Nxb5 Nbd7 14.Nc3 Rb8 15.Kh1 
Nxf3 16.Bxf3 Ne5 17.Be3 Nc4 18.Bxc5 Nxb2 19.Qd2 Bxc3 20.Qxc3 Na4 21.Qe5 
Nxc5 22.Qxb8 1-0

[Event "13th Capablanca Memorial"]
[Site "Cienfuegos CUB"]
[Date "1976.05.27"]
[Round "11"]
[White "Gulko, Boris"]
[Black "Kozma, Julius"]
[Result "1/2-1/2"]
[WhiteElo "2530"]
[BlackElo "2375"]
[EventDate "1976.05.17"]
[PlyCount "36"]

1.e4 e5 2.Nc3 Nf6 3.g3 Bb4 4.Bg2 O-O 5.Nge2 c6 6.a3 Ba5 7.O-O d5 8.exd5 
cxd5 9.d4 exd4 10.Nxd4 Nc6 11.Bg5 h6 12.Bxf6 Qxf6 13.Nde2 Bg4 14.Qd3 Rad8 
15.Nf4 Bxc3 16.bxc3 Ne5 17.Qb5 Qc6 18.a4 Bf3 1/2-1/2

[Event "13th Capablanca Memorial"]
[Site "Cienfuegos CUB"]
[Date "1976.05.27"]
[Round "11"]
[White "Razuvaev, Yury"]
[Black "Bellon Lopez, Juan Manuel"]
[Result "1-0"]
[WhiteElo "2495"]
[BlackElo "2475"]
[EventDate "1976.05.17"]
[PlyCount "109"]

1.e4 c5 2.Nf3 Nc6 3.d4 cxd4 4.Nxd4 g6 5.c4 Bg7 6.Be3 Nf6 7.Nc3 O-O 8.Be2 
b6 9.O-O Bb7 10.f3 d6 11.Qd2 Rc8 12.Nxc6 Bxc6 13.Rfd1 Nd7 14.Rac1 Bb7 15.
b3 Re8 16.Nb5 a6 17.Nc3 Qc7 18.Nd5 Qb8 19.b4 Bc6 20.Bd4 Bf8 21.Bb2 b5 22.
cxb5 Bxb5 23.Bxb5 axb5 24.Qd4 f6 25.Rxc8 Rxc8 26.Rc1 Rxc1+ 27.Bxc1 e6 28.
Nc3 Ne5 29.Be3 f5 30.exf5 Bg7 31.Qh4 gxf5 32.Qe7 f4 33.Qxe6+ Nf7 34.Bd2 
Qa7+ 35.Kf1 Qd4 36.Ne4 Qd3+ 37.Ke1 Kf8 38.Qc8+ Ke7 39.Qb7+ Ke6 40.Qc8+ Ke7
41.Qc7+ Ke6 42.Qc6 Ke7 43.Bxf4 Qb1+ 44.Kf2 Qxb4 45.Kg3 Be5 46.Bxe5 Nxe5 
47.Qb7+ Nd7 48.Qd5 h6 49.Qh5 Kd8 50.Qxh6 Kc7 51.Qd2 Qxd2 52.Nxd2 Ne5 53.h4
Kd7 54.h5 Ke7 55.Kf4 1-0

[Event "13th Capablanca Memorial"]
[Site "Cienfuegos CUB"]
[Date "1976.05.28"]
[Round "12"]
[White "Sigurjonsson, Gudmundur"]
[Black "Razuvaev, Yury"]
[Result "1/2-1/2"]
[WhiteElo "2530"]
[BlackElo "2495"]
[EventDate "1976.05.17"]
[PlyCount "20"]

1.e4 e5 2.Nf3 Nc6 3.Bb5 a6 4.Ba4 Nf6 5.O-O Be7 6.Re1 b5 7.Bb3 d6 8.c3 O-O 
9.h3 Nd7 10.d4 Nb6 1/2-1/2

[Event "13th Capablanca Memorial"]
[Site "Cienfuegos CUB"]
[Date "1976.05.28"]
[Round "12"]
[White "Rodriguez Cespedes, Amador"]
[Black "Gulko, Boris"]
[Result "1/2-1/2"]
[WhiteElo "2405"]
[BlackElo "2530"]
[EventDate "1976.05.17"]
[PlyCount "160"]

1.e4 g6 2.d4 Bg7 3.c4 Nc6 4.d5 Nd4 5.Nc3 e5 6.Nge2 Qe7 7.Nxd4 exd4 8.Nb5 
d6 9.Be2 a6 10.Nxd4 Qxe4 11.Be3 Nf6 12.O-O O-O 13.h3 Re8 14.Bd3 Qe5 15.Qc2
Bd7 16.Rae1 Nh5 17.Qd2 b5 18.b3 bxc4 19.Bxc4 Nf6 20.f4 Qh5 21.f5 Ne4 22.
Qd3 gxf5 23.Ne2 Qh4 24.Kh2 Nc5 25.Qd2 Ne4 26.Qd3 Nf6 27.Bf4 Nh5 28.g3 Nxf4
29.Nxf4 Qf6 30.Bxa6 Qb2+ 31.Kh1 Qxa2 32.Bc4 Rxe1 33.Rxe1 Qf2 34.Rf1 Qb2 
35.Qe2 Qd4 36.Rd1 Qe4+ 37.Kh2 Be5 38.Qf2 Bc3 39.Bd3 Qe5 40.Bc4 Qe4 41.Bd3 
Qe5 42.Qc2 Ba5 43.Rf1 Bb6 44.Qb1 Kf8 45.h4 h6 46.Nh5 Bc8 47.Nf4 Ra3 48.Qc2
Ra5 49.Bc4 Ra1 50.Qg2 Rxf1 51.Qxf1 Kg7 52.Kg2 Qe4+ 53.Qf3 Kf6 54.Nd3 Bb7 
55.Nb4 Qe1 56.Nd3 Qd2+ 57.Kf1 Be3 58.Qe2 f4 59.gxf4 Bc8 60.Qxd2 Bxd2 61.
Ke2 Bc3 62.Kf3 Bf5 63.h5 Bd4 64.b4 Bc3 65.b5 Bd4 66.Nb4 Bc5 67.Na6 Bb6 68.
Nb4 Ba5 69.Nd3 Kg7 70.Nc1 Be1 71.Bd3 Bh3 72.Nb3 Bc3 73.Kg3 Bd7 74.Nc1 Bb2 
75.Ne2 f5 76.Kf3 Kf6 77.Ke3 Be8 78.Ng3 Bc1+ 79.Kf3 Bf7 80.Bxf5 Bxd5+ 
1/2-1/2

[Event "13th Capablanca Memorial"]
[Site "Cienfuegos CUB"]
[Date "1976.05.29"]
[Round "13"]
[White "Lebredo Zarragoitia, Gerardo"]
[Black "Kozma, Julius"]
[Result "1/2-1/2"]
[WhiteElo "2355"]
[BlackElo "2375"]
[EventDate "1976.05.17"]
[PlyCount "39"]

1.Nf3 Nf6 2.b3 g6 3.Bb2 Bg7 4.g3 O-O 5.Bg2 d6 6.d4 Nbd7 7.O-O e5 8.dxe5 
Nh5 9.Na3 dxe5 10.e4 Qe7 11.Nc4 Rd8 12.Qe2 f6 13.Rfd1 Nc5 14.Rxd8+ Qxd8 
15.Rd1 Qe7 16.Ne1 Bf8 17.Ne3 Be6 18.Nd5 Qf7 19.Nd3 c6 20.Ne3 1/2-1/2

[Event "13th Capablanca Memorial"]
[Site "Cienfuegos CUB"]
[Date "1976.05.29"]
[Round "13"]
[White "Razuvaev, Yury"]
[Black "Honfi, Karoly"]
[Result "1-0"]
[WhiteElo "2495"]
[BlackElo "2460"]
[EventDate "1976.05.17"]
[PlyCount "79"]

1.e4 c5 2.Nf3 Nc6 3.d4 cxd4 4.Nxd4 g6 5.c4 Bg7 6.Be3 Nf6 7.Nc3 O-O 8.Be2 
d6 9.O-O Bd7 10.Rc1 Nxd4 11.Bxd4 Bc6 12.f3 Nd7 13.b4 Bxd4+ 14.Qxd4 Qb6 15.
Qxb6 Nxb6 16.e5 dxe5 17.b5 Be8 18.c5 Nd7 19.Nd5 e6 20.Ne7+ Kg7 21.c6 bxc6 
22.bxc6 Nb6 23.c7 Bd7 24.Rfd1 Ba4 25.Rd6 Kf6 26.Rxb6 Kxe7 27.Rb7 Kf6 28.
Rcb1 Bc6 29.Rb8 Rc8 30.Rc1 Raxb8 31.cxb8=Q Rxb8 32.Rxc6 Rb2 33.Bc4 h5 34.
h4 g5 35.hxg5+ Kxg5 36.Kh2 Rb4 37.Bb3 a5 38.Ra6 Rb5 39.Ra7 Kf6 40.Ba4 1-0

[Event "13th Capablanca Memorial"]
[Site "Cienfuegos CUB"]
[Date "1976.05.29"]
[Round "13"]
[White "Sznapik, Aleksander"]
[Black "Bellon Lopez, Juan Manuel"]
[Result "1-0"]
[WhiteElo "2390"]
[BlackElo "2475"]
[EventDate "1976.05.17"]
[PlyCount "87"]

1.c4 e5 2.Nc3 Nf6 3.Nf3 e4 4.Ng5 b5 5.Nxb5 c6 6.Nc3 d5 7.cxd5 cxd5 8.d3 h6
9.Nh3 Nc6 10.g3 Bg4 11.dxe4 d4 12.Nb1 Qa5+ 13.Bd2 Qb6 14.f3 Qxb2 15.Qc1 
Qxc1+ 16.Bxc1 Nb4 17.Na3 Bd7 18.Nf4 Rc8 19.Nd3 Rc3 20.Rb1 Nxd3+ 21.exd3 
Rxc1+ 22.Rxc1 Bxa3 23.Rc7 a5 24.Kf2 Bb4 25.Ra7 Bc8 26.Be2 O-O 27.Rb1 Be6 
28.a3 Bd2 29.Rbb7 Rd8 30.Kg2 g6 31.f4 Nd7 32.Rc7 Nb6 33.h3 Na4 34.Bg4 Bxg4
35.hxg4 Rf8 36.Kf3 Nb6 37.Rcb7 Nc8 38.Ra6 Bc3 39.Rc6 Re8 40.e5 Kg7 41.Rd7 
Rf8 42.f5 a4 43.e6 Kf6 44.Rxf7+ 1-0

[Event "13th Capablanca Memorial"]
[Site "Cienfuegos CUB"]
[Date "1976.05.30"]
[Round "14"]
[White "Sigurjonsson, Gudmundur"]
[Black "Sznapik, Aleksander"]
[Result "1/2-1/2"]
[WhiteElo "2530"]
[BlackElo "2390"]
[EventDate "1976.05.17"]
[PlyCount "47"]

1.e4 e5 2.Nf3 Nc6 3.Bb5 g6 4.d4 exd4 5.Bg5 f6 6.Bh4 Bg7 7.Nxd4 Nge7 8.Nc3 
O-O 9.O-O Kh8 10.f4 Nxd4 11.Qxd4 d5 12.Rad1 Bg4 13.Be2 Bxe2 14.Nxe2 Qe8 
15.Nc3 dxe4 16.Qxe4 Nf5 17.Bf2 Qxe4 18.Nxe4 Rfe8 19.Rfe1 Rad8 20.Rxd8 Rxd8
21.a4 h5 22.Kf1 Kg8 23.c3 Kf7 24.g3 1/2-1/2

[Event "13th Capablanca Memorial"]
[Site "Cienfuegos CUB"]
[Date "1976.05.30"]
[Round "14"]
[White "Rodriguez Cespedes, Amador"]
[Black "Lebredo Zarragoitia, Gerardo"]
[Result "1/2-1/2"]
[WhiteElo "2405"]
[BlackElo "2355"]
[EventDate "1976.05.17"]
[PlyCount "22"]

1.Nf3 Nf6 2.g3 b6 3.Bg2 Bb7 4.O-O e6 5.c4 Be7 6.d4 O-O 7.Nc3 Ne4 8.Nxe4 
Bxe4 9.Ne1 Bxg2 10.Nxg2 d5 11.cxd5 exd5 1/2-1/2

[Event "13th Capablanca Memorial"]
[Site "Cienfuegos CUB"]
[Date "1976.05.30"]
[Round "14"]
[White "Vogt, Lothar"]
[Black "Hedman Senarega, Jose Antonio"]
[Result "1-0"]
[WhiteElo "2480"]
[BlackElo "2375"]
[EventDate "1976.05.17"]
[PlyCount "71"]

1.e4 e5 2.Nf3 Nc6 3.Bb5 f5 4.Nc3 fxe4 5.Nxe4 d5 6.Nxe5 dxe4 7.Nxc6 Qd5 8.
c4 Qd6 9.Nxa7+ Bd7 10.Bxd7+ Qxd7 11.Qh5+ Kd8 12.Nb5 Nf6 13.Qe2 Bc5 14.O-O 
Rf8 15.d4 exd3 16.Qe5 Bb6 17.Bg5 h6 18.Bxf6+ Rxf6 19.Rad1 c6 20.Nc3 Bd4 
21.Qe4 Bxc3 22.Rxd3 Rd6 23.Rxd6 Qxd6 24.bxc3 Rxa2 25.Qb1 Rd2 26.Qxb7 Rd1 
27.g3 Rxf1+ 28.Kxf1 g5 29.Qb4 Qg6 30.Qb8+ Kd7 31.Qe5 Qd3+ 32.Kg2 Qxc4 33.
Qd4+ Qxd4 34.cxd4 Ke6 35.f4 Kd5 36.f5 1-0

[Event "13th Capablanca Memorial"]
[Site "Cienfuegos CUB"]
[Date "1976.05.31"]
[Round "15"]
[White "Peev, Peicho"]
[Black "Vogt, Lothar"]
[Result "0-1"]
[WhiteElo "2430"]
[BlackElo "2480"]
[EventDate "1976.05.17"]
[PlyCount "147"]

1.d4 Nf6 2.c4 d6 3.Nc3 Nbd7 4.e4 e5 5.d5 g6 6.Qc2 Bg7 7.Nf3 O-O 8.h3 c6 9.
dxc6 bxc6 10.Be3 Qc7 11.Rd1 Bb7 12.Qd2 Ne8 13.c5 Nxc5 14.Bxc5 dxc5 15.Bc4 
Bf6 16.O-O Rd8 17.Qe3 Rd4 18.Qe2 Nd6 19.Nxd4 cxd4 20.Nb1 Nxc4 21.Qxc4 Qa5 
22.Rfe1 c5 23.Na3 Ba6 24.Qb3 Qb4 25.Qxb4 cxb4 26.Nc2 Be7 27.a3 bxa3 28.
bxa3 Rd8 29.Nb4 Bxb4 30.axb4 d3 31.Rd2 Bb5 32.f3 Rd4 33.Rb1 a6 34.Kf2 Rc4 
35.Ke3 Rc3 36.Rdb2 Kg7 37.Kd2 Rc7 38.Rc1 Rd7 39.Rc5 f6 40.Rb3 h5 41.h4 Kf7
42.Rd5 Rb7 43.Rc3 Rb8 44.g3 Ke6 45.Ke3 Rg8 46.Kf2 g5 47.hxg5 Rxg5 48.Rcc5 
Rg8 49.f4 exf4 50.gxf4 Rg4 51.Kf3 Rg1 52.Rd4 h4 53.e5 fxe5 54.Rxe5+ Kf6 
55.Rd6+ Kf7 56.Rh5 Ke7 57.Rd4 Rg3+ 58.Ke4 Bc6+ 59.Kf5 Bd7+ 60.Ke5 Re3+ 61.
Kd5 h3 62.Kc5 Bg4 63.Rh7+ Kf6 64.Rh6+ Kf5 65.Rh4 Rg3 66.Rh8 Be2 67.Rf8+ 
Kg4 68.f5+ Kf3 69.f6 Rg5+ 70.Kd6 Ke3 71.f7 Kxd4 72.Rd8 Rd5+ 73.Ke7 Rxd8 
74.Kxd8 0-1

[Event "13th Capablanca Memorial"]
[Site "Cienfuegos CUB"]
[Date "1976.05.31"]
[Round "15"]
[White "Razuvaev, Yury"]
[Black "Rodriguez Cespedes, Amador"]
[Result "1/2-1/2"]
[WhiteElo "2495"]
[BlackElo "2405"]
[EventDate "1976.05.17"]
[PlyCount "34"]

1.e4 c5 2.Nf3 e6 3.d4 cxd4 4.Nxd4 Nf6 5.Nc3 d6 6.Be2 Be7 7.O-O O-O 8.f4 
Nc6 9.Be3 Bd7 10.Nb3 Qc7 11.Bf3 Rfd8 12.Qe1 Be8 13.Kh1 a6 14.Qf2 Nd7 15.
Bg4 Bf6 16.f5 Nde5 17.Bh3 Qe7 1/2-1/2

[Event "13th Capablanca Memorial"]
[Site "Cienfuegos CUB"]
[Date "1976.06.01"]
[Round "16"]
[White "Honfi, Karoly"]
[Black "Bellon Lopez, Juan Manuel"]
[Result "1/2-1/2"]
[WhiteElo "2460"]
[BlackElo "2475"]
[EventDate "1976.05.17"]
[PlyCount "95"]

1.e4 c5 2.Nf3 g6 3.Bc4 Bg7 4.O-O e6 5.d4 cxd4 6.Nxd4 a6 7.Bb3 d6 8.c3 Nf6 
9.Qe2 O-O 10.Bg5 Nbd7 11.Nd2 Nc5 12.Bc2 e5 13.N4b3 Ne6 14.Be3 d5 15.Rad1 
Qc7 16.exd5 Nxd5 17.Qc4 Nxe3 18.Qxc7 Nxc7 19.fxe3 Bg4 20.Nf3 Rad8 21.Na5 
Rd5 22.Rxd5 Nxd5 23.Bb3 Nxe3 24.Re1 Bxf3 25.gxf3 Nf5 26.Nxb7 Rb8 27.Nc5 a5
28.Rd1 Bh6 29.Na4 Be3+ 30.Kf1 Rb7 31.Rd5 Bf4 32.Rxa5 Rd7 33.Nb6 Rd2 34.Nd5
Bxh2 35.Ra7 Kg7 36.c4 Bg3 37.c5 Nd4 38.Nc3 Rf2+ 39.Ke1 Rxb2+ 40.Kd1 Nxb3 
41.axb3 Rxb3 42.Kc2 Rb4 43.Ne4 Bh4 44.Nd6 Rf4 45.c6 Bd8 46.Rd7 Ba5 47.Ra7 
Bd8 48.Rd7 1/2-1/2

[Event "13th Capablanca Memorial"]
[Site "Cienfuegos CUB"]
[Date "1976.06.01"]
[Round "16"]
[White "Vogt, Lothar"]
[Black "Gulko, Boris"]
[Result "1/2-1/2"]
[WhiteElo "2480"]
[BlackElo "2530"]
[EventDate "1976.05.17"]
[PlyCount "121"]

1.e4 e6 2.d4 d5 3.Nd2 c5 4.exd5 exd5 5.Ngf3 Nc6 6.Bb5 Bd6 7.dxc5 Bxc5 8.
O-O Ne7 9.Nb3 Bd6 10.Bg5 O-O 11.Re1 Bg4 12.h3 Bh5 13.Bxc6 bxc6 14.Nbd4 Rc8
15.c4 h6 16.Bh4 g5 17.Bg3 Bxg3 18.fxg3 c5 19.Nb5 a6 20.Nc3 d4 21.Ne4 f5 
22.Ned2 Nc6 23.Qe2 Re8 24.Qf2 Qd6 25.Rxe8+ Rxe8 26.Re1 Re6 27.Rxe6 Qxe6 
28.Ne1 Ne5 29.b4 cxb4 30.Qxd4 Bf7 31.Kh2 Nxc4 32.Nxc4 Qxc4 33.Qd8+ Kg7 34.
Nf3 Qd5 35.Qe7 a5 36.h4 g4 37.Ne5 Qe6 38.Qc7 Qxa2 39.Nxf7 Qxf7 40.Qxa5 b3 
41.Qc3+ Kg6 42.Qe5 Qd7 43.Qb8 Qe6 44.Qb4 Kf6 45.Qc3+ Kf7 46.Qc7+ Kg6 47.
Qb8 Kf6 48.Qh8+ Ke7 49.Qd4 Ke8 50.Kh1 h5 51.Kh2 Qe4 52.Qd6 Qc2 53.Qe6+ Kd8
54.Qd6+ Kc8 55.Qe7 b2 56.Qe8+ Kc7 57.Qe7+ Kb6 58.Qd6+ Kb5 59.Qd1 Qc1 60.
Qb3+ Kc5 61.Qd5+ 1/2-1/2

[Event "13th Capablanca Memorial"]
[Site "Cienfuegos CUB"]
[Date "1976.06.02"]
[Round "17"]
[White "Gulko, Boris"]
[Black "Hedman Senarega, Jose Antonio"]
[Result "1-0"]
[WhiteElo "2530"]
[BlackElo "2375"]
[EventDate "1976.05.17"]
[PlyCount "55"]

1.d4 Nf6 2.c4 g6 3.Nc3 Bg7 4.Bg5 d6 5.Nf3 h6 6.Bh4 O-O 7.e3 c6 8.Be2 Na6 
9.O-O Nc7 10.e4 Bg4 11.Qb3 Ne6 12.Rad1 Nd7 13.Ne1 Bxe2 14.Nxe2 g5 15.Bg3 
Qb6 16.Nc2 Qxb3 17.axb3 c5 18.d5 Nc7 19.Ne3 Bxb2 20.Nf5 Bf6 21.Nxh6+ Kh7 
22.Nf5 b5 23.f4 bxc4 24.bxc4 Rh8 25.fxg5 Bxg5 26.Nxd6 Be3+ 27.Kh1 exd6 28.
Rxf7+ 1-0

[Event "13th Capablanca Memorial"]
[Site "Cienfuegos CUB"]
[Date "1976.06.02"]
[Round "17"]
[White "Razuvaev, Yury"]
[Black "Garcia Gonzales, Guillermo"]
[Result "1-0"]
[WhiteElo "2495"]
[BlackElo "2475"]
[EventDate "1976.05.17"]
[PlyCount "81"]

1.Nf3 Nf6 2.c4 e6 3.Nc3 Bb4 4.Qc2 c5 5.a3 Ba5 6.g3 O-O 7.Bg2 d5 8.Na4 Nbd7
9.O-O dxc4 10.Qxc4 Qe7 11.d4 cxd4 12.b4 Bd8 13.Qxd4 e5 14.Qc3 e4 15.Nd4 
Nb6 16.Nc5 Re8 17.Bb2 Bd7 18.Qb3 Rc8 19.Rac1 Rc7 20.a4 a6 21.a5 Nc8 22.
Rfd1 Nd6 23.Nxd7 Nxd7 24.Rxc7 Bxc7 25.b5 axb5 26.Nxb5 Nxb5 27.Qxb5 Nf8 28.
Bc3 Rd8 29.Rxd8 Bxd8 30.Bb4 Qe6 31.Qxb7 e3 32.Bd5 exf2+ 33.Kxf2 Qf5+ 34.
Kg2 Ne6 35.Qc6 Nc7 36.Bc4 h5 37.Bd3 Qd5+ 38.Qxd5 Nxd5 39.Bd2 Kf8 40.Be4 
Ne7 41.Kf3 1-0

[Event "13th Capablanca Memorial"]
[Site "Cienfuegos CUB"]
[Date "1976.06.02"]
[Round "17"]
[White "Sznapik, Aleksander"]
[Black "Rodriguez Cespedes, Amador"]
[Result "1/2-1/2"]
[WhiteElo "2390"]
[BlackElo "2405"]
[EventDate "1976.05.17"]
[PlyCount "28"]

1.e4 c5 2.Nf3 e6 3.d4 cxd4 4.Nxd4 Nf6 5.Nc3 d6 6.Be2 Be7 7.f4 Nc6 8.Be3 
O-O 9.O-O Bd7 10.Qe1 Nxd4 11.Bxd4 Bc6 12.Qg3 g6 13.Qe3 Nd7 14.Rad1 Qa5 
1/2-1/2

[Event "13th Capablanca Memorial"]
[Site "Cienfuegos CUB"]
[Date "1976.06.02"]
[Round "17"]
[White "Bellon Lopez, Juan Manuel"]
[Black "Kozma, Julius"]
[Result "1/2-1/2"]
[WhiteElo "2475"]
[BlackElo "2375"]
[EventDate "1976.05.17"]
[PlyCount "101"]

1.e4 c6 2.d4 d5 3.Nc3 dxe4 4.Nxe4 Nd7 5.Bc4 Ngf6 6.Ng5 e6 7.Qe2 Nb6 8.Bd3 
h6 9.N5f3 c5 10.dxc5 Bxc5 11.Ne5 Nbd7 12.Ngf3 Nxe5 13.Nxe5 O-O 14.O-O b6 
15.b4 Bd6 16.Bb2 Bb7 17.a3 Qe7 18.f4 Rac8 19.Rae1 a5 20.Ng4 Nxg4 21.Qxg4 
f5 22.Qg6 Bd5 23.c4 Rxc4 24.Bxc4 Bxc4 25.Rf3 Qf7 26.Qxf7+ Kxf7 27.bxa5 
bxa5 28.Be5 Bxe5 29.Rxe5 Bd5 30.Rc3 Rb8 31.Re2 g5 32.fxg5 hxg5 33.Rc5 a4 
34.Ra5 Rb1+ 35.Kf2 Bb3 36.g4 fxg4 37.Rxg5 Ra1 38.Rxg4 Rxa3 39.Rf4+ Ke7 40.
h4 Bd5 41.Re1 Ra2+ 42.Kg3 a3 43.Rd4 Kf6 44.Rd3 Kf5 45.Rf1+ Ke5 46.h5 Rg2+ 
47.Kh3 Re2 48.Rf7 a2 49.Ra7 Re1 50.Rxd5+ Kxd5 51.Rxa2 1/2-1/2